000 00617nam a22002417a 4500
003 UA-OsUOA
001 89509
007 ta
008 20121107b un ||||| |||| 00| 0 ukr d
100 _aГончаренко П.
700 _aШнайдер Я.
090 _a821.161.2
_bГ65
942 _cBK
040 _aUA-OsUOA
_bukr
_cUA-OsUOA
_dUA-OsUOA
245 _aПароль "Прага"
300 _a182 с.
955 _a3
041 _aukr
080 _a821.161.2
260 _aК.
_bМолодь
_c1962
650 7 _a82 Література. Літературознавство
_2UDC
999 _c375796
_d375796